Т. 3-4; Война и мир
| Parent link: | Война и мир: Роман/ Л. Н. Толстой. Т. 3-4.— , 1999 |
|---|---|
| Language: | Russian |
| Published: |
1999
|
| Subjects: | |
| Format: | Book |
| KOHA link: | https://koha.lib.tpu.ru/cgi-bin/koha/opac-detail.pl?biblionumber=22527 |
MARC
| LEADER | 00000nam0a2200000 4500 | ||
|---|---|---|---|
| 001 | 22527 | ||
| 005 | 20231030194743.0 | ||
| 010 | |a 5850503811 | ||
| 035 | |a (RuTPU)RU\TPU\book\22740 | ||
| 035 | |a BOOK00000504 | ||
| 090 | |a 22527 | ||
| 100 | |a 20011209d1999 m y0rusy50 ca | ||
| 101 | 0 | |a rus | |
| 102 | |a RU | ||
| 105 | |a y z 000ay | ||
| 200 | 0 | |a Т. 3-4 | |
| 210 | |d 1999 | ||
| 215 | |a 624 с. | ||
| 461 | |t Война и мир |o Роман |f Л. Н. Толстой |v Т. 3-4 |d 1999 |s Пушкинская библиотека | ||
| 610 | 1 | |a романы | |
| 675 | |a Р1 |v 3 | ||
| 801 | 0 | |a RU |b 63413507 |c 20011209 |g PSBO | |
| 801 | 2 | |a RU |b 63413507 |c 20080908 |g PSBO | |
| 942 | |c BK | ||